| 000 | 00749nam a2200277 a 4500 | ||
|---|---|---|---|
| 003 | AR-BaBNM | ||
| 005 | 20251128204435.0 | ||
| 008 | 082120s2002 ||||||||||||||000 | spa|| | ||
| 020 | _a950-13-6622-7 | ||
| 040 | _cAR-BaBNM | ||
| 100 | 1 | _aSchulz, Helmut | |
| 245 | 0 | 0 |
_aEducacion física infantil y matrogimnasia _n2 |
| 260 |
_aBuenos Aires _bKapelusz _c1986 |
||
| 300 |
_a85 p. _bil. |
||
| 490 | 0 |
_aColección de educación física _vv. 22 |
|
| 600 | 1 | 4 | _aOhnesorge, Hermann |
| 650 | 4 | _aEDUCACION FISICA | |
| 650 | 4 | _aACTIVIDADES DEPORTIVAS | |
| 650 | 4 | _aGIMNASIA | |
| 650 | 4 | _aEJERCICIOS FISICOS | |
| 650 | 4 | _aFORMACION | |
| 653 | _aEDUCACION PRIMARIA | ||
| 700 | 1 |
_aThomas, Juan Jorge _etraductor |
|
| 942 | _cBK | ||
| 998 | _cEnrique | ||
| 999 |
_c7430 _d7430 |
||